Infectious disease epidemiology : (Record no. 876)

000 -LEADER
fixed length control field 01446nam a22004097a 4500
001 - CONTROL NUMBER
control field 11872914
003 - CONTROL NUMBER IDENTIFIER
control field OSt
005 - DATE AND TIME OF LATEST TRANSACTION
control field 20210426095545.0
008 - FIXED-LENGTH DATA ELEMENTS--GENERAL INFORMATION
fixed length control field 991221s2001 mduab b 001 0 eng c
010 ## - LIBRARY OF CONGRESS CONTROL NUMBER
LC control number 99086958
020 ## - INTERNATIONAL STANDARD BOOK NUMBER
International Standard Book Number 083421766X
035 ## - SYSTEM CONTROL NUMBER
System control number (DNLM)100910305
040 ## - CATALOGING SOURCE
Original cataloging agency DNLM/DLC
Transcribing agency DLC
Modifying agency eng
Language of cataloging eng
041 ## - LANGUAGE CODE
Language code of text/sound track or separate title eng
042 ## - AUTHENTICATION CODE
Authentication code pcc
050 00 - LIBRARY OF CONGRESS CALL NUMBER
Classification number RA643
Item number .I6535 2001
060 10 - NATIONAL LIBRARY OF MEDICINE CALL NUMBER
Classification number WC 100
Item number I4026 2000
080 ## - UNIVERSAL DECIMAL CLASSIFICATION NUMBER
Universal Decimal Classification number 616-036.2
Item number N-38
082 00 - DEWEY DECIMAL CLASSIFICATION NUMBER
Classification number 614.5
Edition number 21
245 00 - TITLE STATEMENT
Title Infectious disease epidemiology :
Remainder of title theory and practice /
Statement of responsibility, etc. / by: Aspen Publishers
260 ## - PUBLICATION, DISTRIBUTION, ETC.
Place of publication, distribution, etc. Gaithersburg, Md. :
Name of publisher, distributor, etc. Aspen Publishers
Date of publication, distribution, etc. 2001.
300 ## - PHYSICAL DESCRIPTION
Extent xx, 748 p. :
Other physical details ill., maps ;
Dimensions 26 cm.
504 ## - BIBLIOGRAPHY, ETC. NOTE
Bibliography, etc. note Includes bibliographical references and index.
650 #0 - SUBJECT ADDED ENTRY--TOPICAL TERM
Topical term or geographic name entry element Communicable diseases
General subdivision Epidemiology.
650 #0 - SUBJECT ADDED ENTRY--TOPICAL TERM
Topical term or geographic name entry element EPIDEMIOLOGY
9 (RLIN) 57
650 12 - SUBJECT ADDED ENTRY--TOPICAL TERM
Topical term or geographic name entry element Communicable Diseases
General subdivision epidemiology.
650 22 - SUBJECT ADDED ENTRY--TOPICAL TERM
Topical term or geographic name entry element Disease Outbreaks.
650 22 - SUBJECT ADDED ENTRY--TOPICAL TERM
Topical term or geographic name entry element Epidemiologic Methods.
653 ## - INDEX TERM--UNCONTROLLED
Uncontrolled term ეპიდემიოლოგია
653 ## - INDEX TERM--UNCONTROLLED
Uncontrolled term გადამდები დაავადებები
700 1# - ADDED ENTRY--PERSONAL NAME
Personal name Nelson, Kenrad E.
700 1# - ADDED ENTRY--PERSONAL NAME
Personal name Williams, Carolyn Masters.
700 1# - ADDED ENTRY--PERSONAL NAME
Personal name Graham, Neil M. H.
906 ## - LOCAL DATA ELEMENT F, LDF (RLIN)
a 7
b cbc
c orignew
d 1
e ocip
f 19
g y-gencatlg
942 ## - ADDED ENTRY ELEMENTS (KOHA)
Source of classification or shelving scheme
Koha item type Books
Holdings
Withdrawn status Lost status Source of classification or shelving scheme Damaged status Not for loan Permanent location Current location Date acquired Inventory number Total Checkouts Full call number Barcode Date last seen Price effective from Koha item type
          Ken Walker International University Ken Walker International University 12/29/2020 2362   616-036.2 N-38 2362 12/29/2020 12/29/2020 Books

Powered by Koha